[Event "Almaty op"]
[Site "Almaty"]
[Date "2017.10.03"]
[Round "1"]
[White "Stupak, Kirill"]
[Black "Gudashvili, Gavazi"]
[Result "1-0"]
[WhiteElo "2578"]
[BlackElo "1709"]
[PlyCount "59"]
[EventDate "2017.10.03"]
[EventType "swiss"]
[EventRounds "9"]
[EventCountry "KAZ"]
[SourceTitle "CBM 181 Extra"]
[Source "ChessBase"]
[SourceDate "2017.12.12"]
[SourceVersion "1"]
[SourceVersionDate "2017.12.12"]
[SourceQuality "1"]

1. c4 c5 2. Nf3 Nc6 3. g3 g6 4. Bg2 Bg7 5. 0-0 Nf6 6. d4 cxd4 7. Nxd4 0-0 8. Nc3 e6 9. Ndb5 a6 10. Nd6 Ne8 11. Bf4 e5 12. Be3 Nxd6 13. Qxd6 Qe7 14. Bc5 Qxd6 15. Bxd6 Rd8 16. Nd5 Nd4 17. Nb6 Nf5 18. Bc7 Re8 19. Nxa8 d6 20. Nb6 e4 21. Rad1 Be5 22. c5 e3 23. f4 Bxb2 24. Nxc8 Rxc8 25. cxd6 Bf6 26. Bxb7 Rf8 27. d7 Nd4 28. Rxd4 Bxd4 29. d8Q Rxd8 30. Bxd8 1-0

[Event "Wch Seniors 65 26th"]
[Site "Marianske Lazne"]
[Date "2016.11.23"]
[Round "5"]
[White "Prachar, Josef"]
[Black "Gudashvili, Gavazi"]
[Result "0-1"]
[WhiteElo "1918"]
[BlackElo "1617"]
[PlyCount "180"]
[EventDate "2016.11.19"]
[EventType "swiss"]
[EventRounds "11"]
[EventCountry "CZE"]
[SourceTitle "CBM 175 Extra"]
[Source "ChessBase"]
[SourceDate "2016.12.12"]
[SourceVersion "1"]
[SourceVersionDate "2016.12.12"]
[SourceQuality "1"]

1. d4 d5 2. c4 c6 3. Nf3 Nf6 4. Nc3 e6 5. Bg5 Bb4 6. cxd5 exd5 7. Qc2 Qa5 8. Bxf6 gxf6 9. e3 Bg4 10. Nd2 Nd7 11. Nb3 Bxc3+ 12. bxc3 Qa3 13. Bd3 h6 14. f3 Be6 15. 0-0 Rg8 16. Kh1 0-0-0 17. e4 Qd6 18. c4 dxc4 19. Bxc4 Nb6 20. Be2 Kb8 21. Rfd1 Qf4 22. Rd2 Qg5 23. g3 Qe3 24. Rd3 Qg5 25. f4 Bxb3 26. Qxb3 Qg7 27. Rb1 Qf8 28. a4 Qe7 29. Bf3 Rd7 30. a5 Nc8 31. e5 fxe5 32. Bxc6 Rc7 33. d5 Nd6 34. fxe5 Qxe5 35. Re3 Qf6 36. a6 b6 37. Rbe1 Rd8 38. Qb4 Qg5 39. Re5 Qf6 40. Qg4 Rf8 41. Qe2 Nc8 42. Rf1 Qd6 43. Ref5 f6 44. Qf3 Rcf7 45. Rh5 Rh8 46. Qe3 Qe7 47. Qf4+ Qd6 48. Qh4 Ne7 49. Bb7 f5 50. Qf4 Qxf4 51. Rxf4 Rf6 52. g4 Rhf8 53. g5 hxg5 54. Rxg5 Kc7 55. Kg2 Kd6 56. Kf3 Ke5 57. Re4+ Kd6 58. Rd4 Rh8 59. Kg3 Ng6 60. Kg2 f4 61. Kf3 Re8 62. Rd3 Ne5+ 63. Kf2 Nxd3+ 64. Kf3 Re2 65. Kxe2 f3+ 66. Kf1 b5 67. Bc6 b4 68. Rg7 Rh6 69. Bb5 Ne5 70. Rxa7 Rxh2 71. Rb7 Ra2 72. a7 Ng4 73. Rb6+ Kc5 74. Ra6 Ne3+ 75. Kg1 f2+ 76. Kh1 Nc4 77. Bxc4 Kxc4 78. Rxa2 f1Q+ 79. Kh2 Qf4+ 80. Kg1 Qg5+ 81. Kh2 Qh6+ 82. Kg1 Qg7+ 83. Kh2 Qh8+ 84. Kg1 Qa8 85. d6 b3 86. Ra4+ Kb5 87. Ra3 Kb4 88. Ra6 b2 89. Rb6+ Kc3 90. d7 Qxa7 0-1

[Event "Pavlodar op"]
[Site "Pavlodar"]
[Date "2015.12.14"]
[Round "8"]
[White "Gudashvili, Gavazi"]
[Black "Dakhaev, Islam"]
[Result "0-1"]
[WhiteElo "1587"]
[BlackElo "1903"]
[PlyCount "46"]
[EventDate "2015.12.07"]
[EventType "swiss"]
[EventRounds "10"]
[EventCountry "KAZ"]
[SourceTitle "EXT 2017"]
[Source "ChessBase"]
[SourceDate "2016.10.25"]
[SourceVersion "1"]
[SourceVersionDate "2016.10.25"]
[SourceQuality "1"]

1. e4 Nf6 2. e5 Nd5 3. d4 d6 4. Nf3 Bg4 5. exd6 exd6 6. Bc4 Nf6 7. 0-0 Be7 8. h3 Bh5 9. Re1 0-0 10. Bg5 Nc6 11. c3 Qd7 12. Nbd2 d5 13. Bb5 Rfe8 14. Qa4 Bd6 15. Ne5 Qf5 16. Ndf3 Bxe5 17. Bxf6 Bxf6 18. Bxc6 Rxe1+ 19. Nxe1 bxc6 20. Qxc6 Rd8 21. g4 Qg5 22. Ng2 Bxg4 23. hxg4 Qxg4 0-1

[Event "Pavlodar op"]
[Site "Pavlodar"]
[Date "2015.12.11"]
[Round "6"]
[White "Gudashvili, Gavazi"]
[Black "Kuznetsov, Alexandr"]
[Result "0-1"]
[WhiteElo "1587"]
[BlackElo "1923"]
[PlyCount "34"]
[EventDate "2015.12.07"]
[EventType "swiss"]
[EventRounds "10"]
[EventCountry "KAZ"]
[SourceTitle "EXT 2017"]
[Source "ChessBase"]
[SourceDate "2016.10.25"]
[SourceVersion "1"]
[SourceVersionDate "2016.10.25"]
[SourceQuality "1"]

1. e4 e5 2. Nf3 Nc6 3. Bb5 a6 4. Bc4 h6 5. d4 Bd6 6. Nc3 Nf6 7. 0-0 0-0 8. Re1 exd4 9. Nxd4 Ne5 10. Be2 Bb4 11. f3 d6 12. Be3 d5 13. exd5 Nxd5 14. Qd2 Nxe3 15. Qxe3 Bc5 16. Qxe5 Bxd4+ 17. Qxd4 Qxd4+ 0-1